[Event "Interzonal-16"]
[Site "Biel"]
[Date "1993.??.??"]
[Round "1"]
[White "Adams, Michael"]
[Black "Ftacnik, Lubomir"]
[Result "0-1"]
[WhiteElo "2630"]
[BlackElo "2535"]
[Annotator "Ftacnik,L"]
[PlyCount "122"]
[EventDate "1993.07.16"]
[EventType "swiss"]
[EventRounds "13"]
[EventCountry "SUI"]
[SourceTitle "CBM 037"]
[Source "ChessBase"]
[SourceDate "1993.12.01"]
[SourceVersion "1"]
[SourceVersionDate "1993.12.01"]
[SourceQuality "1"]

1. e4 c5 2. Nc3 d6 3. Nge2 a6 4. d4 cxd4 5. Nxd4 Nf6 6. Be3 e6 7. Qd2 b5 8. f3
Bb7 9. O-O-O Nbd7 10. Kb1 $5 d5 (10... Be7 11. g4 h6 12. h4 b4 13. Nce2 d5 14.
Bh3 $36 {/\ g5-g6}) (10... Nb6 $5 $13) 11. exd5 Nxd5 12. Nxd5 Bxd5 13. Ne2 $1 (
13. Nf5 Nf6 (13... Bxa2+ 14. Kxa2 exf5 15. Qd5 Be7 16. Qxf5 Qa5+ 17. Kb1 Nf6
$14) 14. Ng3 Be7 $10) (13. b3 Bc5 $13) 13... Be7 (13... Qc7 14. Nf4 Bb7 15. c4
bxc4 16. Bxc4 $14) 14. Nf4 Nf6 (14... Bb7 15. Nh5 $1 $16) 15. Qe1 $1 (15. Nxd5
Nxd5 16. Bd4 O-O 17. Bd3 Bf6 $10) 15... Qc7 (15... O-O 16. c4 bxc4 17. Bxc4 Qd6
18. Nxd5 exd5 $14) 16. Nxd5 Nxd5 17. Bd2 O-O 18. Bd3 Rac8 (18... Bf6 19. Qe4 g6
20. h4 Qe5 21. Qxe5 Bxe5 22. h5 $14) 19. Qe4 g6 $6 (19... Nf6 20. Qh4 (20. Qe2
Nd5 21. h4 Bf6 $132) 20... Rfd8 21. Bc3 Rxd3 $1 22. cxd3 Nd5 23. Qe1 Nxc3+ 24.
bxc3 Qxc3 25. Qxc3 Rxc3 $14) 20. h4 Nf6 (20... Bf6 21. f4 Rfd8 22. h5 $14) 21.
Qe1 Rfe8 (21... Rfd8 $2 22. Ba5 $18) 22. g4 (22. h5 $1 Bf8 (22... Nxh5 $2 23.
Rxh5 $1 gxh5 24. Qe4 Bd6 (24... Bf6 25. Bh6 $18) 25. Qxh7+ Kf8 26. Bh6+ Ke7 27.
Bg5+ Kd7 28. Qxf7+ Kc6 29. Be4+ Kb6 30. Be3+ $18) 23. hxg6 fxg6 $14) 22... Nd7
(22... e5 23. h5 Nd5 24. hxg6 hxg6 25. Qg3 $16 (25. Ba5 Qc5 26. Qxe5 Bf6 27.
Qh2 b4 $13)) 23. h5 g5 $8 (23... Bf8 24. hxg6 hxg6 25. Ba5 Qa7 26. Bc3 Bg7 27.
Bxg7 Kxg7 28. Bxg6 $1 fxg6 (28... Kxg6 29. Qe4+ Kf6 30. Qf4+ Ke7 31. Qg5+ Nf6
32. Rh6 $18) 29. Rxd7+ Qxd7 30. Qe5+ $18) 24. Ba5 (24. Qe4 Nf6 25. Qe2 h6 26.
Bc3 Nd5 27. Be5 Bd6 28. Bxd6 Qxd6 29. Qe4 Nf6 $13) 24... Qc5 (24... Qc6 $2 25.
Be4 $18) (24... Qa7 25. Bc3 Nc5 26. Qe5 f6 27. Qe3 Qb6 28. f4 b4 29. Bd4 gxf4
30. Qxf4 $16) 25. Bc3 (25. Bxh7+ Kxh7 26. Rxd7 Qxc2+ (26... b4 27. Qe4+ Kh6 28.
Rxe7 Qxe7 29. Bxb4 Qc7 $14) 27. Ka1 Kh6 $5 28. Bc3 b4 $13) 25... h6 26. f4 $1 (
26. Qe4 Nf6 $5 (26... Nf8 27. f4 $40) 27. Bxf6 Bxf6 28. Qh7+ Kf8 29. Qxh6+ Bg7
30. Qh7 Qe5 31. c3 Rxc3 $132) 26... Bf6 (26... gxf4 27. Qe4 Nf8 28. Qxf4 Bg5
29. Qe4 $16) 27. Bb4 (27. Bxf6 Nxf6 28. fxg5 Qxg5 $13) 27... Qc6 (27... Qc7 28.
Qe4 Nf8 29. fxg5 Bxg5 30. Bc3 $16) 28. fxg5 Bxg5 29. Rf1 (29. Be4 Qc7 30. Ba5
Qa7 31. Bc3 Nf6 $14) 29... Nc5 (29... Rcd8 30. Be4 Qc7 31. Bh7+ $1 Kxh7 32.
Rxf7+ Kg8 33. Qe4 Nf8 $3 {xd1}) (29... Nf6 30. Bc3 (30. Qe5 Red8 $1 31. Rxf6
$140 $2 Rxd3 $19) 30... Nd5 (30... Nxg4 31. Bh7+ Kxh7 32. Rxf7+ Kg8 33. Rg7+
Kf8 34. Qf1+ $18) 31. Bh7+ Kxh7 (31... Kf8 32. Bg6 Nxc3+ 33. Qxc3 Qxc3 34.
Rxf7+ Kg8 35. bxc3 $16) 32. Rxf7+ Kg8 33. Rg7+ Kh8 34. Rh7+ Kg8 35. Rh8+ Kf7
36. Qf2+ $18) 30. Qf2 $6 (30. Bxc5 Qxc5 31. Qe4 f5 $8 (31... Rc7 32. Qh7+ Kf8
33. Bg6 $18) 32. gxf5 exf5 33. Qxf5 Qxf5 34. Bxf5 $16) 30... Rc7 31. Bc3 (31.
Ba5 Rd7 32. Bh7+ Kxh7 33. Rxd7 Qxd7 34. Qxc5 e5 $14) 31... Ne4 (31... Nxd3 32.
Rxd3 Qe4 33. Rf3 $16) 32. Bxe4 Qxe4 33. Rde1 (33. Rd4 Qe3 34. Rd6 Qxf2 35. Rxf2
Rc4 $132) 33... Qc4 (33... Qxg4 34. Rg1 Qxh5 35. Qf6 Rxc3 (35... Kf8 36. Qh8+
Ke7 37. Bb4+ Kd8 38. Rd1+ Rd7 39. Ba5+ Ke7 40. Rxd7+ Kxd7 41. Qd4+ Kc6 42. Rd1
$18) 36. Qxc3 $16) 34. Be5 (34. Qb6 Rec8 35. Qxa6 b4 36. Qxc4 Rxc4 $132) 34...
Rd7 35. b3 $6 (35. Bf4 Bxf4 36. Qxf4 Qxf4 37. Rxf4 Red8 38. b3 $13) 35... Qxg4
36. Bf6 (36. Rg1 Qf5 $17 (36... Qxh5 37. Qf6 Kf8 38. Qg7+ Ke7 39. Bc3 $13))
36... Rd2 (36... Qxh5 37. Bxg5 hxg5 38. Qf6 Qg6 39. Qxg6+ fxg6 40. Rf6 Kg7 41.
Rfxe6 $13) 37. Qa7 Qxh5 (37... Bxf6 $2 38. Rg1 Rg2 39. Rxg2 Qxg2 40. Rg1 Qxg1+
41. Qxg1+ Bg5 42. Qb6 $16) 38. Bxg5 (38. Qxa6 $2 Bxf6 39. Rxf6 Rd1+ 40. Rxd1
Qxd1+ 41. Kb2 Qd4+ $19) 38... hxg5 39. Re5 (39. Qxa6 g4 $17 (39... Qg6 40. Qc6
Red8 $17)) 39... Rd1+ (39... Qg6 $4 40. Rxg5 Rd1+ 41. Rxd1 Qxg5 42. Rg1 $18)
40. Rxd1 Qxd1+ 41. Kb2 Qd2 42. Qc5 f5 $1 (42... f6 43. Re3 Qd7 44. Rd3 Qe7 45.
Qc6 $17) 43. Re3 Qd8 44. Rd3 (44. Qc6 Qd4+ 45. Rc3 Kf7 $19) 44... Qf6+ 45. Kb1
Rd8 46. Rxd8+ (46. Qb6 Rxd3 47. cxd3 f4 $19) 46... Qxd8 47. Qc6 Qd5 48. Qc8+ (
48. Qxa6 f4 49. a4 f3 $1 $19) 48... Kf7 49. c4 (49. Qxa6 g4 50. a4 bxa4 51.
bxa4 g3 52. Qa7+ Kg6 53. Qg1 f4 $19) 49... Qd3+ 50. Kb2 f4 51. c5 f3 52. Qc7+ (
52. c6 f2 53. Qb7+ Kf6 54. c7 f1=Q 55. c8=Q Qfb1+ 56. Ka3 Qd6+) 52... Kf6 53.
Qc8 Qd2+ 54. Ka3 f2 55. Qh8+ Kg6 56. Qg8+ Kf5 57. Qh7+ (57. Qf7+ Ke5 58. Qg7+
Kf4 59. Qf6+ Kg3 60. Qe5+ Qf4 61. Qc3+ Kg4 $19) 57... Kg4 58. Qh1 (58. Qe4+ Kg3
59. Qe5+ Qf4) 58... b4+ 59. Ka4 Qe2 60. Qg2+ Kh5 61. Qh1+ Kg6 (61... Kg6 62.
Qb1+ Kg7 63. Qa1+ Kg8) 0-1

[Event "Hoogovens"]
[Site "Wijk aan Zee"]
[Date "1996.01.26"]
[Round "11"]
[White "Ivanchuk, Vassily"]
[Black "Van Wely, Loek"]
[Result "1/2-1/2"]
[WhiteElo "2735"]
[BlackElo "2570"]
[Annotator "Ftacnik,L"]
[PlyCount "128"]
[EventDate "1996.01.13"]
[EventType "tourn"]
[EventRounds "13"]
[EventCountry "NED"]
[EventCategory "17"]
[SourceTitle "CBM 051"]
[Source "ChessBase"]
[SourceDate "1996.04.01"]
[SourceVersion "1"]
[SourceVersionDate "1996.04.01"]
[SourceQuality "1"]

1. e4 c5 2. Nf3 d6 3. d4 cxd4 4. Nxd4 Nf6 5. Nc3 a6 6. f3 e6 7. Be3 b5 8. Qd2
Nbd7 9. g4 h6 10. O-O-O Bb7 11. h4 b4 (11... Qc7 12. Rg1 Ne5 13. g5 Nfd7 14. g6
Nc5 15. gxf7+ Qxf7 16. b4 Na4 17. Nxa4 bxa4 18. f4 Nc6 19. Bc4 Nxd4 20. Qxd4
O-O-O 21. Qa7 Qe8 22. Bb6 {1-0 Rios,M-Galarza,P/Bogota Lat Cup (07) ;EXT 92
1992}) (11... d5 12. Bh3 e5 13. g5 b4 14. Nxd5 Nxd5 15. exd5 exd4 16. Bxd4 Qa5
17. Rhe1+ Kd8 18. Qe3 Bd6 19. gxh6 Kc7 20. hxg7 Rxh4 21. Bxd7 Kxd7 22. Be5 Re8
23. g8=Q Rxg8 24. Bxd6 Qd8 25. Be7 {1-0 Svatos,J-Hausner,I/CZE-ch (03) ;TD
94\03 1994}) (11... Nb6 12. Bd3 (12. Rg1 b4 13. Nb1 d5 14. g5 Nfd7 15. g6 Qxh4
16. gxf7+ Kxf7 17. Rg4 Qh5 18. Rf4+ Nf6 19. Nxe6 {1-0 Jirovsky,Pe-Rajnys,V/CZE
Tschechien-ch Prague ;EXT 95ch 1995 (32)}) 12... Nfd7 13. f4 (13. g5 h5 14. g6
Qe7 15. Qf2 Nc4 16. Bxc4 bxc4 17. Rhe1 Ne5 18. gxf7+ {1-0 Andreescu,N-Schmid,S/
WchJW-U18 Szeged (05) ;TD 94\01 1994 (39)}) 13... Qc7 14. Rhe1 Nc4 15. Bxc4
Qxc4 16. a3 b4 17. axb4 Qxb4 18. g5 hxg5 19. hxg5 Rc8 {Hellers,F-Malisauskas,V/
Biel izt (10) ;CBM 37 1993/1/2-1/2 (46)}) 12. Nb1 $5 $146 (12. Nce2 d5 {
1/2-1/2 Farkas,Ti-Bordas,G/Budapest FS02 IM ;EXT 93 1993}) 12... d5 (12... e5
13. Nf5 d5) 13. Bh3 Ne5 14. g5 Nfd7 15. Qe2 Qa5 (15... hxg5 $5 16. hxg5 Rxh3
17. Rxh3 dxe4 $44) 16. f4 Nc4 17. b3 Nxe3 18. Qxe3 dxe4 19. g6 Nc5 20. gxf7+
Kxf7 21. Rhg1 (21. Nxe6 Nxe6 22. Rd7+ Be7 23. Bxe6+ (23. Rxb7 Nc5 (23... Qd5))
23... Kxe6 24. Rxb7 Qd5) 21... Rc8 {/\22...Q:a2} 22. Nxe6 (22. Qg3 Bd5 (22...
g5 $5) 23. Qg6+ Ke7) 22... Nxe6 (22... Qxa2 $2 23. Nd8+ $1 $18) 23. Rd7+ Be7
24. Bxe6+ Kxe6 25. Qh3+ (25. Rxb7 Rxc2+ 26. Kxc2 Qxa2+ 27. Kd1 Qxb1+ 28. Ke2
Qc2+ 29. Qd2 Qxd2+ (29... Qc6 30. Rg6+ (30. f5+ Kf7 31. Rxg7+ $1 $18) 30... Bf6
31. Rbxg7) 30. Kxd2 Rd8+ 31. Ke2 Bf6 $36) 25... Kf7 26. Rxb7 Qc5 (26... Rxc2+
27. Kxc2 Qc5+ 28. Nc3 $1 Qf2+ 29. Ne2 $1) 27. Qg2 Rhg8 28. Re1 e3 $1 29. f5 (
29. Qe4 Rge8 30. Rxe3 Kf8) 29... Rc6 30. Qe4 Rgc8 31. c4 bxc3 $2 (31... Kf8 $1
32. Rxe3 (32. Qxe3 Bxh4 33. Qxc5+ Rxc5) 32... Bf6 $17 (32... Bxh4)) 32. Rxe3
R8c7 33. Rxc7 Rxc7 34. f6 $1 (34. Qe6+ $1 Kf8 35. f6 $1 gxf6 (35... c2 36.
fxe7+ Rxe7 37. Rf3+ $18) 36. Rg3 $18) 34... gxf6 35. Qh7+ Ke8 36. Qg8+ Kd7 37.
Qe6+ Ke8 38. Rg3 Kd8 39. Nxc3 (39. Rg8+ Bf8 40. Qxf6+ Ke8 $13) 39... Rd7 (39...
Rc6 $5 40. Rg8+ (40. Rd3+ Kc7 41. Qd7+ Kb8) 40... Kc7 41. Rc8+ (41. Qc8+ Kb6
42. Qb8+ Ka5 43. Rg3 Bd6 $19) 41... Kb6 42. Rxc6+ Qxc6 $15) 40. Qxa6 Bd6 (40...
Kc7 $5) 41. Rg8+ Ke7 (41... Kc7 42. Rc8#) 42. Qc4 (42. Rg7+ Ke6 43. Qe2+ Be5
44. Qg4+ f5 45. Qg6+ Bf6 46. Qe8+ Re7) 42... Bf4+ 43. Kb1 Qxc4 44. bxc4 Ke6 $44
45. Nd5 Be5 46. Rh8 Rb7+ 47. Kc2 Rb2+ 48. Kd3 Rxa2 49. Rxh6 Ra3+ 50. Ke4 Ra4
51. Ne3 Bc7 52. Rh8 f5+ (52... Bb6 $6 53. Rc8 Bxe3 (53... Kd7 $2 54. Nd5) 54.
Kxe3 Ra3+ 55. Kf4) 53. Nxf5 (53. Kf3 Ra3 54. Ke2 f4) 53... Rxc4+ 54. Kd3 Ra4
55. Ne3 Bf4 56. Nc2 Be5 57. Rh7 Bf6 58. h5 Rh4 59. Ne3 Rd4+ 60. Ke2 Bg5 61. Nf1
Kf5 62. Rg7 Bf4 63. Kf3 Rd3+ 64. Kg2 Ra3 1/2-1/2

[Event "Interzonal-16"]
[Site "Biel"]
[Date "1993.??.??"]
[Round "3"]
[White "Anand, Viswanathan"]
[Black "Ftacnik, Lubomir"]
[Result "1-0"]
[WhiteElo "2725"]
[BlackElo "2535"]
[Annotator "Ftacnik,L"]
[PlyCount "73"]
[EventDate "1993.07.16"]
[EventType "swiss"]
[EventRounds "13"]
[EventCountry "SUI"]
[SourceTitle "CBM 037"]
[Source "ChessBase"]
[SourceDate "1993.12.01"]
[SourceVersion "1"]
[SourceVersionDate "1993.12.01"]
[SourceQuality "1"]

1. e4 c5 2. Nf3 d6 3. d4 cxd4 4. Nxd4 Nf6 5. Nc3 a6 6. Be3 e6 7. f3 b5 8. g4 h6
(8... Bb7 9. Qd2 b4 (9... Qc7 10. O-O-O b4 11. Nce2 d5 12. e5 Nfd7 13. f4 Nb6
14. b3 N8d7 15. Ng3 Nc5 16. Kb1 Be7 17. c3 bxc3 18. Qxc3 Rc8 19. Rc1 Qb8 20.
Qa5 Nbd7 21. Be2 O-O 22. Rhd1 Bd8 23. Qa3 Bb6 24. g5 Rfd8 25. h4 Ne4 26. Nxe4
$13 {Moberg,K-Evdokimov,O/Stockholm op/1990/}) 10. Nce2 d5 11. e5 Nfd7 12. f4
Nc5 13. Ng3 Nbd7 14. Bg2 Be7 15. O-O a5 16. Rae1 O-O 17. Kh1 f6 18. exf6 Nxf6
19. Qd1 Rc8 $13 {Aseev,K-Yudasin,L/Leningrad/1984/}) 9. Qd2 Bb7 10. h4 b4 (
10... Nbd7 11. Rg1 g6 12. O-O-O Rc8 13. g5 hxg5 14. hxg5 Nh5 15. Bd3 Nb6 16.
Ndxb5 axb5 17. Bxb5+ Bc6 18. Bd4 Rg8 19. f4 Be7 20. Qf2 Bxb5 21. Bxb6 Qd7 22.
f5 Bc6 23. f6 Bf8 24. Rge1 Qb7 25. a4 Rh8 26. a5 $36 {Nijboer,F-Van Wely,L/
Amsterdam OHRA II (5)/1990/}) (10... Be7 11. O-O-O $14) 11. Nce2 d5 (11... e5
12. Qxb4 Qd7 (12... Qc7 13. Qa4+ Nbd7 14. Nf5) 13. Nb3 d5 14. Nc5 $16) 12. e5
Nfd7 13. f4 Nc5 14. Bg2 Nbd7 (14... Ne4 15. Bxe4 (15. Qd3 Nd7 16. c4 Ndc5 17.
Qc2 Be7) 15... dxe4 16. f5 $1 $40) 15. O-O-O Be7 (15... Nb6 16. b3 a5 (16...
Ne4 17. Bxe4 dxe4 18. f5 (18. Nxe6 Qxd2+ 19. Kxd2 fxe6 20. Bxb6 e3+ 21. Kxe3
Bxh1 22. Rxh1 $13) 18... Bd5 19. Nf4 $16) 17. f5 a4 18. fxe6 axb3 19. cxb3 fxe6
20. Nf4 Qc7 21. Kb1 $16) (15... a5 16. g5 h5 17. f5 Nxe5 18. Nf4 Nc4 19. Qe2 e5
20. Nxd5 Bxd5 21. Nc6 Qc7 22. Rxd5 $18) (15... Ne4 16. Bxe4 dxe4 17. f5 Nxe5
18. fxe6 Nc4 (18... Nf3 19. exf7+ Kxf7 20. Nxf3 exf3 21. Qxd8 Rxd8 22. Rxd8
fxe2 23. Rd7+ $18) 19. Qe1 (19. exf7+ Kxf7 20. Qe1 Nxe3 21. Qf2+ Kg8 22. Qxe3)
19... Nxe3 20. Qf2 fxe6 21. Qxe3 $16) (15... Qb6 16. g5 h5 17. g6 fxg6 18. Bh3
$40) 16. g5 h5 (16... hxg5 17. hxg5 Rg8 18. g6 $1 $16) (16... g6 17. h5 gxh5
18. Rxh5 $16) 17. f5 $1 (17. g6 fxg6 18. Bh3 Nf8 $13) 17... Nxe5 $8 (17... exf5
18. Nxf5 Nxe5 19. Nxg7+ $18) 18. Nf4 $1 (18. fxe6 Nc4 (18... fxe6 $2 19. Nf4
$16) 19. exf7+ Kxf7 $1 (19... Kd7 20. Bh3+ Kc7 21. Bf4+ $18) (19... Kf8 20. Qe1
Nxe3 (20... Qa5 21. Kb1 Nxe3 22. Nf4 Nxg2 (22... Nxd1 23. Ng6+ Kxf7 24. Qxe7+
Kxg6 (24... Kg8 25. Nf5 Rh7 26. Rf1 Nc3+ 27. bxc3 bxc3 28. Qf8+ Rxf8 29. Nfe7#)
25. Qd6+ Kf7 (25... Kh7 26. g6+ Kg8 27. Bxd5+ $18) 26. g6+ Ke8 (26... Kg8 27.
Bxd5+) 27. Nf5 $18) 23. Ng6+ Kxf7 24. Qxe7+ Kxg6 25. Rhf1 $1 $18 Nxh4 (25...
Rhe8 26. Qf7+ Kh7 27. Qxh5+ Kg8 28. g6 $18) (25... Rhf8 26. Rxf8 Rxf8 27. Qxf8
$18) 26. Qf7+ Kh7 27. Qxh5+ Kg8 28. Qf7+ Kh7 29. Rh1 $18) 21. Nf4 Nxg2 22.
Nfe6+ $18) 20. Qe1 Re8 $1 $132 (20... Nxe3 21. Qf2+ Kg8 22. Qxe3 $16)) 18...
Nc4 (18... exf5 19. Nxf5 $16) 19. Qe2 Qa5 (19... e5 20. f6 $5 (20. Nc6 Bxc6 21.
Nxd5 (21. Qxc4 dxc4 22. Bxc6+ Kf8 23. Rxd8+ Rxd8 24. Nd5 $15) 21... Qa5 22.
Qxc4 (22. Bxc5 Qxa2 23. Nc7+ Kf8 24. Bxe7+ Kxe7 $19) 22... Bb5 23. Qxb5+ axb5
24. Nxe7 Nd7 25. Bxa8 Qxa8 26. Nd5 Qxa2 $17) (20. Nxd5 Bxd5 (20... Nxe3 21. Nc6
$1 Nxg2 (21... Bxc6 22. Nf6+ gxf6 23. Bxc6+ Kf8 24. Rxd8+ Rxd8 25. Qxe3 $18)
22. Nxd8 Rxd8 23. Nxe7 $18) 21. Nc6 (21. Nb3 Nxe3 (21... Nxb3+ 22. axb3 Qa5 23.
bxc4 Bxg2 24. Qxg2 Qa1+ 25. Kd2 Rd8+ 26. Ke2 Qxb2 27. Qc6+ Kf8 28. Rxd8+ Bxd8
29. Bc5+ Kg8 30. Qe8+ $18) 22. Qxe3 Nxb3+ 23. axb3 Bxg2 24. Rxd8+ Rxd8 $17)
21... Bxg2 (21... Nxe3 22. Bxd5 Qc7 23. Qxe3 $16) 22. Nxd8 Nxe3 23. Qxe3 Bxh1
24. Nxf7 (24. Qxe5 f6 $1 $13 (24... Rxd8 25. Rxd8+ Kxd8 26. Qb8+ Kd7 27. Qxh8
g6 28. Qh7 $1 $16)) 24... Kxf7 25. Rxh1 $13) 20... gxf6 21. Nxd5 Bxd5 (21...
Nxe3 22. Nc6 Nxd5 23. Nxd8 Rxd8 $16) 22. Nf5 Nxe3 23. Nxe3 $16) 20. Kb1 Nxb2 (
20... Na4 21. fxe6 Ncxb2 22. exf7+ Kxf7 23. Bd2 $18) (20... e5 21. Nxd5 Nxe3 (
21... exd4 22. Bxd4 Bxd5 23. Bxd5 $18) 22. Qxe3 Bxd5 23. Bxd5 exd4 24. Rxd4 Rc8
25. f6 $18) 21. fxe6 $1 (21. Kxb2 Na4+ 22. Kc1 Nc3 23. Qd3 e5 $17) (21. Nb3 $5
Nxb3 22. axb3 Nxd1 23. Rxd1 O-O-O 24. fxe6 $44) 21... O-O-O (21... Nxd1 22.
exf7+ Kxf7 23. Rxd1 Raf8 (23... Ne4 24. Bxe4 dxe4 25. Qc4+ Ke8 26. Nde6 Rc8 27.
Nxg7+ Kf8 28. Ng6+ Kxg7 29. Bd4+ $18) (23... Na4 24. Bd2 Nc3+ 25. Bxc3 bxc3 26.
Qe6+ Ke8 27. Nxd5 Bxd5 28. Bxd5 Qb4+ 29. Bb3 $18) 24. Nxd5 $18) (21... fxe6 22.
Ndxe6 $1 (22. Kxb2 Na4+ (22... Qa3+ 23. Ka1 Na4 24. Bc1 Qc3+ 25. Kb1 $18) 23.
Kc1 Nc3 (23... b3 24. Nxb3 Ba3+ 25. Kb1 Nc3+ 26. Ka1 Qa4 27. Qd3 Bb4 28. Qg6+
$18) 24. Qd3 O-O $5 25. Ndxe6 $16 (25. Nfxe6 $2 b3 $3 26. Nxb3 Ba3+ 27. Kd2
Ne4+ 28. Ke2 Ng3#)) 22... Nxd1 23. Nxg7+ Kf7 24. Rxd1 $18) (21... O-O 22. Qxh5
Nxd1 23. Rxd1 Na4 24. Bd2 Nc3+ 25. Bxc3 bxc3 26. exf7+ Rxf7 27. g6 Qb4+ 28. Nb3
$18) 22. Kxb2 $1 Na4+ 23. Kc1 b3 (23... Nc3 24. Qd3 Qxa2 25. exf7 $18) 24. Nxb3
(24. cxb3 $2 Ba3+ 25. Kc2 Qc7+ $19) 24... Ba3+ 25. Kb1 Nc3+ (25... Qc3 26. Bd4
$18) 26. Ka1 Qa4 27. Qd3 Bb4 28. Nc1 Kb8 (28... Nxd1 29. Rxd1 fxe6 30. Nxe6 Rd7
31. Bd4 $18) (28... Bc6 29. Bd4 (29. exf7 Bb5 30. Bh3+ Kb8 31. Qd4 $18) 29...
Bb5 30. Bxc3 Bxd3 31. Rxd3 $18) (28... Ba5 29. Bd4 (29. exf7 $2 Qb4 30. Nb3 Qa3
31. Nc1 Qb4 $10) 29... Qb4 30. Nb3 $18) 29. Bd4 Rc8 30. Be5+ $18 Ka7 (30... Ka8
31. Nxd5 $18) 31. Qe3+ (31. Qd4+ Rc5 32. Nfd3 Qxc2 33. Qxb4 Rb5 34. Bxc3 Rxb4
35. Bxb4 Qxg2 36. exf7 $18) 31... Rc5 32. Rd3 Qxc2 (32... d4 33. Bxd4 Qxc2 34.
Bxc5+ Ka8 35. Bxb7+ Kxb7 36. Rd7+ Kc8 37. Qd3 $18) 33. Bxc3 Bxc3+ 34. Rxc3
Qxc3+ 35. Qxc3 Rxc3 36. exf7 Rf8 37. g6 1-0

[Event "Budapest Hunguest Hotels"]
[Site "Budapest"]
[Date "2003.04.12"]
[Round "2"]
[White "Lutz, Christopher"]
[Black "Gelfand, Boris"]
[Result "1/2-1/2"]
[WhiteElo "2640"]
[BlackElo "2700"]
[Annotator "Ftacnik,L"]
[PlyCount "55"]
[EventDate "2003.04.11"]
[EventType "tourn"]
[EventRounds "9"]
[EventCountry "HUN"]
[EventCategory "17"]
[SourceTitle "CBM 095"]
[Source "ChessBase"]
[SourceDate "2003.07.25"]
[SourceVersion "1"]
[SourceVersionDate "2003.07.25"]
[SourceQuality "1"]

1. e4 c5 2. Nf3 d6 3. d4 cxd4 4. Nxd4 Nf6 5. Nc3 a6 6. Be3 e6 7. f3 b5 8. g4
Nfd7 9. Qd2 Nb6 10. O-O-O N8d7 11. Ndxb5 axb5 12. Nxb5 Ba6 13. Nxd6+ Bxd6 14.
Qxd6 Nc4 15. Bxc4 Bxc4 16. a3 Be2 17. Rd2 Bxf3 18. Rf1 Bxe4 19. Bg5 {[%mdl 8]
The first independent move in a great theoretical battle, so far white were
more successful.} (19. Rfd1 Bd5 (19... Bf3 $5 20. Bg5 Qxg5 21. Qxd7+ Kf8 22.
Rf1 Qxg4 23. Qd6+ Ke8 24. Qd7+ Kf8 $11) 20. Rxd5 exd5 21. Re1 Ne5 22. Qxe5+ Kf8
23. Bd4 f6 24. Qe6 Rc8 (24... Qc7 25. Bc3 Qf7 26. Qd6+ Kg8 27. Re7 $18) 25. Bb6
{1-0 Goloshchapov,A-Aroshidze,L/Batumi 2002/ (25)}) 19... f6 (19... Nf6 $2 20.
Qxd8+ Rxd8 21. Rxd8+ Kxd8 22. Rxf6 $16) (19... Qxg5 $4 20. Qxd7+ Kf8 21. Qxf7#)
20. Qxe6+ Qe7 (20... Kf8 $2 21. Rxd7 $18) 21. Qxe7+ Kxe7 22. Re2 (22. Re1 Nc5
23. Bh4 (23. Be3 Nb3+ (23... Ne6 24. Bd4 Bf3 25. Bc5+ Kf7 26. Rd7+ Kg6 27. Rxe6
Bxg4 28. Red6 Bxd7 29. Rxd7 Rhe8 $15) 24. cxb3 Rhc8+ 25. Kd1 Bf3+ 26. Ree2 Bxg4
$15) 23... Kf7 (23... Rhc8 24. Re3 Kf7 25. b4 Nd3+ 26. Rexd3 Bxd3 27. Rxd3 Rc4
$11) 24. b4 Rxa3 25. bxc5 Ra1+ 26. Kb2 Rxe1 27. Bxe1 h5 $11) 22... Nc5 (22...
fxg5 23. Rxe4+ Kd8 24. Rf7 $13) 23. Bd2 (23. Be3 Ne6 24. Bh6 gxh6 25. Rxe4 h5
26. gxh5 Rhe8 $15) 23... Rhe8 $2 {This is a grave innaccuracy, but in future
games black should probably be just fine with the correct move 23...Kd6!} (
23... Kd6 $1 24. b4 (24. Bb4 Rhe8 $17) 24... Rxa3 25. bxc5+ Kxc5 26. Bb4+ Kxb4
27. Rxe4+ Kc5 28. Rf5+ Kd6 $11) 24. Rfe1 Kd6 (24... Kf7 25. Bb4 $16) 25. b4
Rxa3 (25... Nb3+ $5 26. cxb3 Rec8+ 27. Bc3 $1 (27. Kd1 Bc2+ 28. Kc1 Bd3+ $17) (
27. Kb2 Rc2+ 28. Kb1 Rxd2+ 29. Rxe4 Rxa3 $13) 27... Rxc3+ 28. Kb2 Rc2+ 29. Rxc2
Bxc2 30. Kxc2 Rxa3 31. Kc3 $14) 26. bxc5+ Kd5 27. Bb4 $2 {Sadly Lutz is
missing a great chance to expose Gelfand to a great test with the fine idea of
27.c4+!} (27. c4+ $1 Kd4 (27... Kxc5 28. Rxe4 Ra1+ 29. Kc2 Rxe1 30. Rxe1 Rxe1
31. Bxe1 Kxc4 32. Bc3 Kd5 33. Kd3 Ke6 34. Ke4 g6 35. Kf4 $18) 28. Kb2 Ra7 (
28... Rd3 29. Bc3+ Rxc3 30. Rxe4+ Rxe4 31. Rxe4+ Kxe4 32. Kxc3 Ke5 33. Kb4 g6
34. Kb5 f5 35. c6 Kd6 36. gxf5 gxf5 37. Kb6 $18) (28... Rf3 29. Rxe4+ Rxe4 30.
Rxe4+ Kxe4 31. c6 Rd3 32. c7 Rxd2+ 33. Kc3 $18) 29. Bc3+ Kxc4 30. Rxe4+ Rxe4
31. Rxe4+ Kxc5 32. Kb3 $16) 27... Ra1+ 28. Kb2 (28. Kb2 Rxe1 29. Rxe1 Kc4 $11)
1/2-1/2

[Event "Dos Hermanas-B"]
[Site "Dos Hermanas"]
[Date "2001.04.22"]
[Round "4"]
[White "Korneev, Oleg"]
[Black "Teran Alvarez, Ismael"]
[Result "1-0"]
[WhiteElo "2572"]
[BlackElo "2382"]
[Annotator "Ftacnik,L"]
[PlyCount "99"]
[EventDate "2001.04.19"]
[EventType "tourn"]
[EventRounds "9"]
[EventCountry "ESP"]
[EventCategory "9"]
[SourceTitle "CBM 083"]
[Source "ChessBase"]
[SourceDate "2001.07.05"]
[SourceVersion "1"]
[SourceVersionDate "2001.07.05"]
[SourceQuality "1"]

1. e4 c5 2. Nf3 d6 3. d4 cxd4 4. Nxd4 Nf6 5. Nc3 a6 6. Be3 e6 7. f3 b5 8. Qd2
Nbd7 9. O-O-O Nb6 10. Qf2 Nfd7 11. Bd3 Bb7 12. f4 (12. g4 Rc8 13. Nce2 Nc4 14.
Bxc4 Rxc4 15. h4 Be7 16. g5 Qa5 17. Kb1 d5 18. exd5 Bxd5 19. Nf4 Rxd4 20. Bxd4
Bxa2+ 21. Kc1 {1-0 Berthelot,Y-Duquesnoy,J/FRA/1999/ (30)}) 12... Rc8 (12... b4
$5 13. Nce2 Nc5 14. Ng3 $11) 13. f5 e5 (13... exf5 14. Nxf5 b4 15. Rhf1 f6 16.
Ne2 $14) 14. Ne6 $1 {[%mdl 4] White's new plan is rather spirited, the
position will open up as the knight b6 loses protection.} fxe6 (14... Qe7 15.
Nxf8 Nc5 16. Bxc5 dxc5 17. Nxh7 Rxh7 18. Nd5 $16) 15. fxe6 Nf6 (15... Qf6 16.
exd7+ Nxd7 17. Qg3 $14) 16. Bxb6 Qe7 17. Qf5 Rc6 $2 {Terrible mistake puts the
rook on an unfortunate square so white will be able to occupy the crucial d5
square.} (17... g6 $5 18. Qh3 Bg7 19. Nd5 (19. Ba5 O-O 20. Bb4 Rfe8 $11) 19...
Bxd5 20. exd5 Qb7 21. e7 (21. Be3 Qxd5 22. Kb1 Ke7 $15) 21... Qd7 22. Qxd7+
Kxd7 23. Bd8 Ng8 24. a4 bxa4 25. Bxa6 Rb8 $11) 18. Ba5 Bc8 (18... g6 19. Qh3
Bg7 20. Nd5 $16) 19. Nd5 Qxe6 (19... Nxd5 $2 20. exd5 Rc5 21. Qh5+ $18) 20.
Nc7+ $1 Rxc7 21. Qxe6+ Bxe6 22. Bxc7 Be7 23. Kb1 Kd7 24. Bb6 Rc8 25. Rhe1 $18
Kc6 26. Be3 Bd8 27. Bg5 Ng4 28. Bxd8 Rxd8 29. h3 Nf6 30. c3 Nh5 31. Bc2 Nf4 32.
Bb3 Bxb3 33. axb3 Nxg2 34. Rg1 Nf4 35. Rxg7 Nxh3 36. Rh1 Nf2 (36... Nf4 37.
Rhxh7 $18) 37. Rh4 a5 38. Kc2 Rf8 39. Rgxh7 Rf3 40. Ra7 Kb6 41. Ra8 Re3 42. Kd2
Rg3 (42... Rxe4 43. Rh6 Kc5 44. Rxa5 $18) 43. Ke2 Nd3 44. Rh6 Nf4+ 45. Kd1 Rg1+
46. Kc2 Rg2+ 47. Kb1 Rg1+ 48. Ka2 Rd1 49. Rhh8 Nd3 50. Rhb8+ (50. Rhb8+ Kc6 51.
Rxa5 $18) 1-0